Normal view
MARC view
- UPERVISOR DR. Shoab Ahmed Khan Dr. Muazzam Ali
Entry Personal Name
001 - CONTROL NUMBER
- control field: 71373
003 - CONTROL NUMBER IDENTIFIER
- control field: NUST
005 - DATE AND TIME OF LATEST TRANSACTION
- control field: 20210628204628.0
008 - FIXED-LENGTH DATA ELEMENTS
- fixed length control field: 210628|| aca||aabn | a|a d
040 ## - CATALOGING SOURCE
- Original cataloging agency: NUST
- Transcribing agency: NUST
100 ## - HEADING--PERSONAL NAME
- Personal name: UPERVISOR DR. Shoab Ahmed Khan Dr. Muazzam Ali
670 ## - SOURCE DATA FOUND
- Source citation: Work cat.: (NUST): NC Taseer Ahmed 71371, PR-SOF-1644-Platform Benchmarking in NFV Infrastucture, 2017
